000
00201 a2200097 4500
001
46276
100
_a
Dorling, T
245
_a
Ribbons & Medals
260
_a
_b
George Philip
_c
090
_c
29384
_d
29384
942
_a
NUST-CAE
_c
_c
21540
999
_c
281349
_d
281349